| 000 | 00531nam a22001697a 4500 | ||
|---|---|---|---|
| 005 | 20251108165329.0 | ||
| 008 | 250721s1979 xx 000 0 ara d | ||
| 082 | 1 | 4 | _a928.2/ميل |
| 100 | 1 |
_aيوسف، سعدي _eترجمة |
|
| 245 | 1 | 0 | _aهنري ميللر / |
| 264 | 1 |
_aبيروت : _bالمؤسسة العربية للدراسات و النشر، _c1979. |
|
| 300 | _a135ص | ||
| 490 | 0 | _aسلسلة أعلام الفكر العالمي | |
| 650 | 1 | 7 | _aالأدب الإنجليزي |
| 942 |
_2ddc _cBK |
||
| 999 |
_c25262 _d25262 |
||